[Event "Werner-Ott-Open Kreuzberger Sommer 2017"]
[Site "Berlin"]
[Date "2017.07.23"]
[Round "9.1"]
[White "Stern, Rene"]
[Black "Abel, Dennes"]
[Result "1-0"]
[WhiteElo "2488"]
[BlackElo "2466"]
[PlyCount "115"]
[EventDate "2017.07.15"]
[EventType "swiss"]
[EventRounds "9"]
[EventCountry "GER"]
[SourceTitle "WOOKS 2017"]
[Source "SC Kreuzberg"]
[SourceDate "2017.07.23"]
[SourceVersion "1"]
[SourceVersionDate "2017.07.15"]
[SourceQuality "1"]
[WhiteTeam "SK Koenig Tegel 1949"]
[BlackTeam "SF Berlin 1903"]
[WhiteTeamCountry "GER"]
[BlackTeamCountry "GER"]

1. d4 Nf6 2. c4 e6 3. Nf3 {(=)} d5 4. Nc3 c6 5. cxd5 exd5 6. Qc2 g6 7. Bg5 Be7
8. e3 Bf5 9. Bd3 Bxd3 10. Qxd3 Nbd7 11. Bh6 Bd6 12. O-O Qe7 13. Bg7 Rg8 14.
Bxf6 Nxf6 15. Nd2 Kf8 16. Rfe1 Kg7 17. f3 Rad8 18. Re2 Rge8 19. Rae1 Qc7 20.
Nf1 Re6 21. Kh1 Qe7 22. a3 h5 23. Qc2 h4 24. e4 dxe4 25. fxe4 Nh5 26. e5 Bc7
27. Re4 Bb6 28. Qd2 Rd7 29. Na4 Qd8 30. Nxb6 axb6 31. Qf2 c5 {(=)} 32. dxc5
bxc5 33. Rxh4 Kg8 34. Rhe4 Rd4 35. Rxd4 cxd4 36. Rd1 d3 37. Qe3 Qa5 38. Qxd3
Qxe5 39. Qd4 Qe2 40. Qd2 Qb5 41. Ne3 Nf6 42. Qd8+ Kg7 43. Qd4 Qe2 44. Nf1 Re4
45. Qd2 Qb5 46. Ng3 Rc4 47. Rf1 Qc6 48. Qg5 Rc5 49. Qf4 Rc2 50. Ne4 Nxe4 51.
Qxf7+ Kh6 52. Qf8+ Kh5 53. Qf3+ Kh6 54. Qf8+ Kh5 55. g4+ Kg5 56. Qf4+ Kh4 57.
Qh6+ Kxg4 58. Rf4# 1-0

[Event "Werner-Ott-Open Kreuzberger Sommer 2017"]
[Site "Berlin"]
[Date "2017.07.23"]
[Round "9.2"]
[White "Malek, Daniel"]
[Black "Melamed, Tatjana"]
[Result "1-0"]
[WhiteElo "2382"]
[BlackElo "2346"]
[PlyCount "135"]
[EventDate "2017.07.15"]
[EventType "swiss"]
[EventRounds "9"]
[EventCountry "GER"]
[SourceTitle "WOOKS 2017"]
[Source "SC Kreuzberg"]
[SourceDate "2017.07.23"]
[SourceVersion "1"]
[SourceVersionDate "2017.07.15"]
[SourceQuality "1"]
[WhiteTeam "SK Zehlendorf"]
[BlackTeam "AE Magdeburg"]
[WhiteTeamCountry "GER"]
[BlackTeamCountry "GER"]

1. d4 Nf6 2. Bg5 Ne4 3. Bf4 c5 4. f3 Nf6 5. dxc5 b6 6. Nc3 bxc5 7. e4 Nc6 8.
Qd2 g6 9. Nd5 Nxd5 10. exd5 Nd4 11. c3 Nf5 12. g4 Nd6 13. Be5 f6 14. Bxd6 exd6
15. Bd3 Qb6 16. Ne2 Rb8 17. b3 Bg7 18. Rb1 Ba6 19. c4 Qb4 20. a4 Kf7 21. Qxb4
Rxb4 22. Kd2 h5 23. h4 Bh6+ 24. Kc2 Be3 25. Rh3 Rbb8 26. Rf1 Rbe8 27. gxh5 gxh5
28. f4 Rhg8 29. Rff3 Bg1 30. Kd2 Rb8 31. Bc2 Rg4 32. Rhg3 Rbg8 33. Bf5 Rxg3 34.
Rxg3 Rxg3 35. Nxg3 Bf2 36. Nxh5 Bc8 37. Bh7 Bxh4 38. Ke3 Bb7 39. Ke4 Bc8 40.
Kf5 Bb7 41. Bg6+ Ke7 42. Kg4 Be1 43. Ng7 Kd8 44. Nf5 Kc7 45. Kf3 Bd2 46. Ke4
Ba6 47. Bh5 Bc1 48. Bf7 Bd2 49. Bg6 Bc1 50. Bh5 Bd2 51. Ne7 Bc1 52. Ng8 Bb2 53.
Kf5 Kb6 54. Nxf6 Ka5 55. Bd1 Kb4 56. Ne8 Kc3 57. Ke4 Kd2 58. Bg4 Kc2 59. Bxd7
Kxb3 60. Nxd6 Bxc4 61. Nxc4 Kxc4 62. d6 Kb4 63. Bb5 c4 64. Kd5 Bf6 65. Bxc4
Kxa4 66. f5 Kb4 67. Ke6 Bg5 68. f6 1-0

[Event "Werner-Ott-Open Kreuzberger Sommer 2017"]
[Site "Berlin"]
[Date "2017.07.23"]
[Round "9.3"]
[White "Barath, Madhan"]
[Black "Berger, Steve"]
[Result "1/2-1/2"]
[WhiteElo "2227"]
[BlackElo "2411"]
[PlyCount "93"]
[EventDate "2017.07.15"]
[EventType "swiss"]
[EventRounds "9"]
[EventCountry "GER"]
[SourceTitle "WOOKS 2017"]
[Source "SC Kreuzberg"]
[SourceDate "2017.07.23"]
[SourceVersion "1"]
[SourceVersionDate "2017.07.15"]
[SourceQuality "1"]
[WhiteTeam "SC Zugzwang 95"]
[BlackTeam "SK Koenig Tegel 1949"]
[WhiteTeamCountry "GER"]
[BlackTeamCountry "GER"]

1. d4 g6 2. e4 Bg7 3. Nc3 d6 4. Be3 a6 5. Qd2 b5 6. h4 h5 7. Nh3 Nd7 8. Ng5 Bb7
9. a4 c6 10. Bd3 Ngf6 11. f3 O-O 12. Ne2 e5 13. c3 d5 14. O-O dxe4 15. fxe4 Ng4
16. Bc2 Nb6 17. Qd3 Nxe3 18. Qxe3 Nc4 19. Qf2 Nxb2 20. Bb3 Nc4 21. Rad1 Qe7 22.
Ng3 Rad8 23. Nf5 Qc7 24. Nxg7 Kxg7 25. Bxc4 bxc4 26. dxe5 Kg8 27. Qf6 Rxd1 28.
Rxd1 Bc8 29. Rd6 Bg4 30. e6 fxe6 31. Qxg6+ Qg7 32. Qxg7+ Kxg7 33. Nxe6+ Bxe6
34. Rxe6 Rf4 35. Kh2 Kf7 36. Re5 Rxh4+ 37. Kg3 Rh1 38. Rc5 h4+ 39. Kg4 Ke6 40.
Rxc6+ Ke5 41. Rc5+ Kxe4 42. Rxc4+ Ke3 43. Kf5 Kd3 44. Rg4 Kxc3 45. Ke5 a5 46.
Kd5 h3 47. gxh3 {(=)} 1/2-1/2

[Event "Werner-Ott-Open Kreuzberger Sommer 2017"]
[Site "Berlin"]
[Date "2017.07.23"]
[Round "9.4"]
[White "Von Herman, Ulf"]
[Black "Muse, Drazen"]
[Result "1/2-1/2"]
[WhiteElo "2345"]
[BlackElo "2353"]
[PlyCount "20"]
[EventDate "2017.07.15"]
[EventType "swiss"]
[EventRounds "9"]
[EventCountry "GER"]
[SourceTitle "WOOKS 2017"]
[Source "SC Kreuzberg"]
[SourceDate "2017.07.23"]
[SourceVersion "1"]
[SourceVersionDate "2017.07.15"]
[SourceQuality "1"]
[WhiteTeam "SK Koenig Tegel 1949"]
[BlackTeam "SK Koenig Tegel 1949"]
[WhiteTeamCountry "GER"]
[BlackTeamCountry "GER"]

1. c4 e6 2. Nc3 d5 3. d4 c5 4. e3 Nf6 5. Nf3 a6 6. cxd5 exd5 7. Be2 Nc6 8. O-O
Bd6 9. dxc5 Bxc5 10. a3 O-O 1/2-1/2

[Event "Werner-Ott-Open Kreuzberger Sommer 2017"]
[Site "Berlin"]
[Date "2017.07.23"]
[Round "9.5"]
[White "Federau, Juergen"]
[Black "Klenburg, Michael"]
[Result "1/2-1/2"]
[WhiteElo "2103"]
[BlackElo "2362"]
[PlyCount "88"]
[EventDate "2017.07.15"]
[EventType "swiss"]
[EventRounds "9"]
[EventCountry "GER"]
[SourceTitle "WOOKS 2017"]
[Source "SC Kreuzberg"]
[SourceDate "2017.07.23"]
[SourceVersion "1"]
[SourceVersionDate "2017.07.15"]
[SourceQuality "1"]
[WhiteTeam "SC Kreuzberg"]
[BlackTeam "Beer Sheva CC"]
[WhiteTeamCountry "GER"]
[BlackTeamCountry "ISR"]

1. d4 Nf6 2. c4 c5 3. d5 b5 4. cxb5 a6 5. bxa6 g6 6. Nc3 Bxa6 7. g3 d6 8. Bg2
Bg7 9. Nf3 Nfd7 10. O-O Nb6 11. Qc2 N8d7 12. Rd1 O-O 13. Rb1 Nc4 14. b3 Qa5 15.
bxc4 Qxc3 16. Qxc3 Bxc3 17. Bh6 Rfb8 18. Bh3 Nf6 19. Rbc1 Ba5 20. Rc2 Ne4 21.
Rdc1 Ra7 22. Ne1 Bxe1 23. Rxe1 Rb4 24. f3 Nf6 25. Rec1 Rab7 26. Bc8 R7b6 27.
Bxa6 Rxa6 28. Bg5 Kg7 29. Kf2 h6 30. Bd2 Rba4 31. Bc3 Rxa2 32. Rxa2 Rxa2 33. h4
Kf8 34. Bxf6 exf6 35. g4 Ra4 36. Ke3 Ke7 37. Kd3 Kd7 38. Rb1 Kc7 39. Kc3 Ra2
40. Kd3 Ra4 41. Kc3 Ra8 42. Kd3 Ra2 43. Ke3 Ra3+ 44. Kd2 Ra2+ 1/2-1/2

[Event "Werner-Ott-Open Kreuzberger Sommer 2017"]
[Site "Berlin"]
[Date "2017.07.23"]
[Round "9.6"]
[White "Jurkatis, Hagen"]
[Black "Polatel, Ali"]
[Result "0-1"]
[WhiteElo "1988"]
[BlackElo "2211"]
[PlyCount "96"]
[EventDate "2017.07.15"]
[EventType "swiss"]
[EventRounds "9"]
[EventCountry "GER"]
[SourceTitle "WOOKS 2017"]
[Source "SC Kreuzberg"]
[SourceDate "2017.07.23"]
[SourceVersion "1"]
[SourceVersionDate "2017.07.15"]
[SourceQuality "1"]
[WhiteTeam "SG Weissensee 49"]
[BlackTeam "SC Zugzwang 95"]
[WhiteTeamCountry "GER"]
[BlackTeamCountry "GER"]

1. f4 f5 2. e4 fxe4 3. d3 e3 4. Bxe3 d5 5. Nf3 Nf6 6. Ne5 d4 7. Bd2 g6 8. Be2
Bg7 9. Bf3 {(=)} O-O 10. Na3 Nbd7 11. Nxd7 Nxd7 12. Nc4 e5 13. O-O c6 14. Bg4
exf4 15. Bxf4 Nf6 16. Bxc8 Qxc8 17. Qe2 Qd7 18. Rae1 Rae8 19. Qd2 b5 20. Nd6
Rxe1 21. Qxe1 Nd5 22. Bg3 Rxf1+ 23. Qxf1 Nb4 24. Ne4 Qe6 25. Qf4 h6 26. Qb8+
Kh7 27. Qxa7 Nxc2 28. Bf2 {(=)} Ne3 29. b3 Nf5 30. h3 g5 31. Kh1 Qe5 32. Qc5
Qf4 33. Qxc6 Be5 34. Qd7+ Ng7 35. Bg3 Qf1+ 36. Kh2 Bxg3+ 37. Nxg3 Qf4 38. Qd5
Qb8 39. Qxd4 Qxg3+ 40. Kxg3 Nf5+ 41. Kf3 Nxd4+ 42. Ke4 Ne2 43. d4 b4 44. Ke5
Kg6 45. d5 Kf7 46. Kd6 Nf4 47. g3 Nxh3 48. Kc7 g4 0-1

[Event "Werner-Ott-Open Kreuzberger Sommer 2017"]
[Site "Berlin"]
[Date "2017.07.23"]
[Round "9.7"]
[White "Plaza Reino, Agustin"]
[Black "Kohler, Thomas"]
[Result "1/2-1/2"]
[WhiteElo "1861"]
[BlackElo "2164"]
[PlyCount "31"]
[EventDate "2017.07.15"]
[EventType "swiss"]
[EventRounds "9"]
[EventCountry "GER"]
[SourceTitle "WOOKS 2017"]
[Source "SC Kreuzberg"]
[SourceDate "2017.07.23"]
[SourceVersion "1"]
[SourceVersionDate "2017.07.15"]
[SourceQuality "1"]
[WhiteTeam "Enniscorthy CC"]
[BlackTeam "SC Zitadelle Spandau 1977"]
[WhiteTeamCountry "IRL"]
[BlackTeamCountry "GER"]

1. e4 e5 2. Nf3 Nc6 3. d4 exd4 4. Nxd4 Bc5 5. Nb3 Bb6 6. Nc3 Nf6 7. Qe2 d6 8.
h3 Be6 9. Be3 O-O 10. O-O-O Re8 11. Nd4 Bd7 12. f3 Nxd4 13. Bxd4 Bxd4 14. Rxd4
Qe7 15. Qd2 Rab8 16. Bb5 1/2-1/2

[Event "Werner-Ott-Open Kreuzberger Sommer 2017"]
[Site "Berlin"]
[Date "2017.07.23"]
[Round "9.8"]
[White "Burchardt, Brigitte"]
[Black "Wierzbicki, Jirawat"]
[Result "1/2-1/2"]
[WhiteElo "2194"]
[BlackElo "2081"]
[PlyCount "62"]
[EventDate "2017.07.15"]
[EventType "swiss"]
[EventRounds "9"]
[EventCountry "GER"]
[SourceTitle "WOOKS 2017"]
[Source "SC Kreuzberg"]
[SourceDate "2017.07.23"]
[SourceVersion "1"]
[SourceVersionDate "2017.07.15"]
[SourceQuality "1"]
[WhiteTeam "SC Rotation Pankow"]
[BlackTeam "SK Koenig Tegel 1949"]
[WhiteTeamCountry "GER"]
[BlackTeamCountry "GER"]

1. e4 e5 2. Bc4 Nf6 3. d3 Nc6 4. Nf3 Bc5 5. O-O O-O 6. c3 d6 7. h3 a6 8. Qe2 h6
9. Rd1 Re8 10. Nbd2 Ba7 11. Bb3 Be6 12. Nf1 Qd7 13. Ng3 d5 14. Be3 Bxe3 15.
Qxe3 dxe4 16. dxe4 Qe7 17. Nf5 Qf8 18. Bxe6 Rxe6 19. Rd3 Rd8 20. Rad1 Ree8 21.
Ne1 Kh7 22. Qf3 Rxd3 23. Rxd3 Rd8 24. g4 Ng8 25. h4 Rxd3 26. Nxd3 g6 27. Ne3
Kg7 28. h5 Qd8 29. hxg6 fxg6 30. Nd5 b6 31. Qg3 Qd6 1/2-1/2

[Event "Werner-Ott-Open Kreuzberger Sommer 2017"]
[Site "Berlin"]
[Date "2017.07.23"]
[Round "9.9"]
[White "Sechting, Martin"]
[Black "Niehaus, Frank"]
[Result "0-1"]
[WhiteElo "2021"]
[BlackElo "2199"]
[PlyCount "44"]
[EventDate "2017.07.15"]
[EventType "swiss"]
[EventRounds "9"]
[EventCountry "GER"]
[SourceTitle "WOOKS 2017"]
[Source "SC Kreuzberg"]
[SourceDate "2017.07.23"]
[SourceVersion "1"]
[SourceVersionDate "2017.07.15"]
[SourceQuality "1"]
[WhiteTeam "SC Weisse Dame"]
[BlackTeam "SK Koenig Tegel 1949"]
[WhiteTeamCountry "GER"]
[BlackTeamCountry "GER"]

1. d4 Nf6 2. c4 c5 3. d5 e6 4. Nc3 exd5 5. cxd5 d6 6. Nf3 g6 7. Nd2 Bg7 8. Nc4
O-O 9. Bg5 h6 10. Bh4 Na6 11. Bg3 Nh5 12. Bxd6 Re8 13. Bg3 Bf5 14. a3 Nxg3 15.
hxg3 Nc7 16. Qd2 b5 17. d6 bxc4 18. dxc7 Qxc7 19. g4 Bxg4 20. e3 Rad8 21. Nd5
Rxd5 22. Qxd5 Qa5+ 0-1

[Event "Werner-Ott-Open Kreuzberger Sommer 2017"]
[Site "Berlin"]
[Date "2017.07.23"]
[Round "9.10"]
[White "Silz, Elisa"]
[Black "Krefenstein, Sergej"]
[Result "1/2-1/2"]
[WhiteElo "2006"]
[BlackElo "2183"]
[PlyCount "116"]
[EventDate "2017.07.15"]
[EventType "swiss"]
[EventRounds "9"]
[EventCountry "GER"]
[SourceTitle "WOOKS 2017"]
[Source "SC Kreuzberg"]
[SourceDate "2017.07.23"]
[SourceVersion "1"]
[SourceVersionDate "2017.07.15"]
[SourceQuality "1"]
[WhiteTeam "SV Empor Berlin"]
[BlackTeam "TuS Makkabi Berlin"]
[WhiteTeamCountry "GER"]
[BlackTeamCountry "GER"]

1. d4 Nf6 2. Nf3 e6 3. c4 b6 4. g3 Bb7 5. Bg2 Be7 6. Nc3 O-O 7. O-O d6 8. Qc2
c5 9. dxc5 bxc5 10. Rd1 Qb6 11. Bf4 Rd8 12. Rd2 h6 13. Rdd1 Nc6 14. b3 Rac8 15.
a3 a6 16. Rab1 Qa7 17. h3 Qa8 18. Na4 Rb8 19. Be3 Nd4 20. Bxd4 cxd4 21. Ne1
Bxg2 22. Nxg2 Qa7 23. Qd3 d5 24. c5 Bxc5 25. Nxc5 Qxc5 26. b4 Qc4 27. Rbc1 Qxd3
28. Rxd3 e5 29. f4 exf4 30. Nxf4 g5 31. Ng2 Re8 32. Rc2 Ne4 33. Kh2 Nc3 34.
Rxd4 Rbc8 35. Rd3 Nxe2 36. Rxc8 Rxc8 37. Rxd5 Rc3 38. Ra5 Rc6 39. Ne3 Nd4 40.
g4 Kh7 41. Nf5 Nc2 42. Ng3 Ne3 43. Ne4 Nc4 44. Rc5 Rxc5 45. Nxc5 Nxa3 46. Nxa6
Nb5 47. Kg3 Kg6 48. Nc5 {(=)} h5 49. h4 hxg4 50. Kxg4 f5+ 51. Kg3 g4 52. Nd3
Nd4 53. Nf4+ Kf6 54. Nd5+ Kg6 55. Ne3 Kh5 56. b5 f4+ 57. Kxf4 Nxb5 58. Nxg4
Kxh4 1/2-1/2

[Event "Werner-Ott-Open Kreuzberger Sommer 2017"]
[Site "Berlin"]
[Date "2017.07.23"]
[Round "9.11"]
[White "Kauschmann, Herbert"]
[Black "Kuehn, Timo"]
[Result "1/2-1/2"]
[WhiteElo "2165"]
[BlackElo "1975"]
[PlyCount "67"]
[EventDate "2017.07.15"]
[EventType "swiss"]
[EventRounds "9"]
[EventCountry "GER"]
[SourceTitle "WOOKS 2017"]
[Source "SC Kreuzberg"]
[SourceDate "2017.07.23"]
[SourceVersion "1"]
[SourceVersionDate "2017.07.15"]
[SourceQuality "1"]
[WhiteTeam "BSC Rehberge 1945"]
[BlackTeam "SV Unterkochen"]
[WhiteTeamCountry "GER"]
[BlackTeamCountry "GER"]

1. e4 d5 2. exd5 Qxd5 3. Nc3 Qd6 4. d4 Nf6 5. Nf3 a6 6. Be2 b5 7. Bg5 Bb7 8. a3
e6 9. O-O c5 10. Be3 cxd4 11. Nxd4 Be7 12. Bf3 Qc7 13. Qe2 O-O 14. Nb3 Nbd7 15.
Rfe1 Nb6 16. Bxb7 Qxb7 17. Rad1 Nc4 18. Bc1 Rad8 19. Nd4 Bc5 20. Nb3 Be7 21.
Nd2 Nxd2 22. Bxd2 Rd7 23. Bf4 Rfd8 24. h3 h6 25. Be5 Qc6 26. Rxd7 Rxd7 27. Rd1
Rxd1+ 28. Qxd1 Ne8 29. Qd3 Bf6 30. Bxf6 Nxf6 31. Qd8+ Kh7 32. Qd3+ Kg8 33. Qd8+
Kh7 34. Qd3+ 1/2-1/2

[Event "Werner-Ott-Open Kreuzberger Sommer 2017"]
[Site "Berlin"]
[Date "2017.07.23"]
[Round "9.12"]
[White "Gebigke, Martin"]
[Black "Kievelitz, Bernd"]
[Result "1/2-1/2"]
[WhiteElo "2114"]
[BlackElo "1844"]
[PlyCount "93"]
[EventDate "2017.07.15"]
[EventType "swiss"]
[EventRounds "9"]
[EventCountry "GER"]
[SourceTitle "WOOKS 2017"]
[Source "SC Kreuzberg"]
[SourceDate "2017.07.23"]
[SourceVersion "1"]
[SourceVersionDate "2017.07.15"]
[SourceQuality "1"]
[WhiteTeam "SC Kreuzberg"]
[BlackTeam "SC Zitadelle Spandau 1977"]
[WhiteTeamCountry "GER"]
[BlackTeamCountry "GER"]

1. d4 Nf6 2. c4 e6 3. Nc3 Bb4 4. e3 O-O 5. Nf3 d5 6. Bd3 c5 7. O-O Bxc3 8. bxc3
dxc4 9. Bxc4 Qc7 10. Bd3 Nbd7 11. e4 e5 12. Re1 Re8 13. d5 c4 14. Bc2 Nc5 15.
Nh4 Bg4 16. Qd2 h6 17. h3 Bd7 18. Qe2 b5 19. g4 Nh7 20. Kh2 Rac8 21. Nf5 Bxf5
22. gxf5 Nd3 23. Bxd3 cxd3 24. Qg4 Nf6 25. Qg2 Kh8 26. Bd2 Nh5 27. Rg1 Rg8 28.
Qf3 Nf4 29. Bxf4 exf4 30. Rac1 d2 31. Rc2 Qe5 32. Rxd2 Rxc3 33. Rd3 Rc4 34. Re1
Re8 35. d6 f6 36. Rd5 Qb2 37. d7 Rd8 38. Re2 Qc1 39. e5 Rc3 40. Rd3 Rxd3 41.
Qxd3 f3 42. Qxf3 Qc7 43. Qh5 Rxd7 44. Qe8+ Kh7 45. Qg6+ Kh8 46. Qe8+ Kh7 47.
Qg6+ 1/2-1/2

[Event "Werner-Ott-Open Kreuzberger Sommer 2017"]
[Site "Berlin"]
[Date "2017.07.23"]
[Round "9.13"]
[White "Pubantz, Jan"]
[Black "Bolk, Matthias"]
[Result "0-1"]
[WhiteElo "2013"]
[BlackElo "2081"]
[PlyCount "56"]
[EventDate "2017.07.15"]
[EventType "swiss"]
[EventRounds "9"]
[EventCountry "GER"]
[SourceTitle "WOOKS 2017"]
[Source "SC Kreuzberg"]
[SourceDate "2017.07.23"]
[SourceVersion "1"]
[SourceVersionDate "2017.07.15"]
[SourceQuality "1"]
[WhiteTeam "SK Ricklingen"]
[BlackTeam "SC Kreuzberg"]
[WhiteTeamCountry "GER"]
[BlackTeamCountry "GER"]

1. d4 g6 2. c4 Bg7 3. e4 Nc6 4. Nf3 e5 5. Bg5 f6 6. Be3 d6 7. Nc3 Nh6 8. c5 Ng4
9. dxe5 Nxe3 10. fxe3 dxe5 11. Qb3 Bf8 12. Bc4 Bxc5 13. Rd1 Bd6 14. Rf1 Bd7 15.
Bg8 Qe7 16. Nd5 Qg7 17. Qxb7 Rb8 18. Nxc7+ Bxc7 19. Qxc7 Rxg8 20. Rf2 Rc8 21.
Qd6 Qe7 22. Qd5 Be6 23. Qd6 Qxd6 24. Rxd6 Ke7 25. Rfd2 Rgd8 26. R6d3 Rxd3 27.
Rxd3 Bxa2 28. Ra3 Be6 0-1

[Event "Werner-Ott-Open Kreuzberger Sommer 2017"]
[Site "Berlin"]
[Date "2017.07.23"]
[Round "9.14"]
[White "Grassi, Fabrizio"]
[Black "Weber, Erwin"]
[Result "0-1"]
[WhiteElo "1848"]
[BlackElo "2079"]
[PlyCount "96"]
[EventDate "2017.07.15"]
[EventType "swiss"]
[EventRounds "9"]
[EventCountry "GER"]
[SourceTitle "WOOKS 2017"]
[Source "SC Kreuzberg"]
[SourceDate "2017.07.23"]
[SourceVersion "1"]
[SourceVersionDate "2017.07.15"]
[SourceQuality "1"]
[WhiteTeam "SV Berlin-Friedrichstadt"]
[BlackTeam "SF Berlin 1903"]
[WhiteTeamCountry "GER"]
[BlackTeamCountry "GER"]

1. d4 f5 2. Bf4 Nf6 3. e3 g6 4. h4 h6 5. Nf3 d6 6. Bc4 Bg7 7. Nc3 e6 8. Qe2 Qe7
9. e4 fxe4 10. Nxe4 Nh5 11. Bh2 d5 12. Bb5+ Bd7 13. Nc5 O-O 14. Bxd7 Nxd7 15.
Qxe6+ Qxe6+ 16. Nxe6 Rae8 17. O-O-O Rxe6 18. Bxc7 Re2 19. Rd2 Rxd2 20. Kxd2
Nhf6 21. Rf1 Ne4+ 22. Kd3 Rf7 23. Bh2 b5 24. c3 g5 25. hxg5 hxg5 26. Ke2 a6 27.
Ne1 b4 28. cxb4 Bxd4 29. f3 Nef6 30. Nd3 Re7+ 31. Kd2 Be3+ 32. Kc2 Re6 33. Rd1
Rc6+ 34. Kb1 d4 35. Ne5 Nxe5 36. Bxe5 Nd7 37. Bg3 Kf7 38. b3 Ke6 39. Kb2 Nf6
40. Be1 Nd5 41. g3 Ke5 42. a3 Rf6 43. f4+ gxf4 44. gxf4+ Nxf4 45. a4 Ke4 46. b5
axb5 47. axb5 Rb6 48. Bg3 Rxb5 0-1

[Event "Werner-Ott-Open Kreuzberger Sommer 2017"]
[Site "Berlin"]
[Date "2017.07.23"]
[Round "9.15"]
[White "Jess, Arne"]
[Black "Wirth, Heinz"]
[Result "0-1"]
[WhiteElo "1839"]
[BlackElo "2067"]
[PlyCount "62"]
[EventDate "2017.07.15"]
[EventType "swiss"]
[EventRounds "9"]
[EventCountry "GER"]
[SourceTitle "WOOKS 2017"]
[Source "SC Kreuzberg"]
[SourceDate "2017.07.23"]
[SourceVersion "1"]
[SourceVersionDate "2017.07.15"]
[SourceQuality "1"]
[WhiteTeam "TSG Fredersdorf/Vogelsdorf"]
[BlackTeam "SC Weisse Dame"]
[WhiteTeamCountry "GER"]
[BlackTeamCountry "GER"]

1. e4 c5 2. Nf3 e6 3. d4 cxd4 4. Nxd4 a6 5. Be3 Qc7 6. Bd3 Nf6 7. O-O Nc6 8.
Nd2 Ne5 9. h3 d5 10. f4 Nc4 11. Bxc4 dxc4 12. c3 Bd7 13. a4 Rc8 14. Qe2 Be7 15.
a5 O-O 16. Nc2 Bb5 17. Nd4 Rfe8 18. Kh1 Bf8 19. Bg1 Nd7 20. e5 Nc5 21. Rfd1 Nd3
22. Be3 Nxb2 23. Ne4 Nxd1 24. Qxd1 Bc6 25. Ng3 Qd7 26. Qg4 Kh8 27. Rd1 Rcd8 28.
Rd2 Qc7 29. Ra2 Rd5 30. f5 Qxe5 31. Re2 exf5 0-1

[Event "Werner-Ott-Open Kreuzberger Sommer 2017"]
[Site "Berlin"]
[Date "2017.07.23"]
[Round "9.16"]
[White "Albrecht, Rainer"]
[Black "Acikel, Mert"]
[Result "1/2-1/2"]
[WhiteElo "2050"]
[BlackElo "1808"]
[PlyCount "54"]
[EventDate "2017.07.15"]
[EventType "swiss"]
[EventRounds "9"]
[EventCountry "GER"]
[SourceTitle "WOOKS 2017"]
[Source "SC Kreuzberg"]
[SourceDate "2017.07.23"]
[SourceVersion "1"]
[SourceVersionDate "2017.07.15"]
[SourceQuality "1"]
[WhiteTeam "SC Kreuzberg"]
[BlackTeam "SK Koenig Tegel 1949"]
[WhiteTeamCountry "GER"]
[BlackTeamCountry "GER"]

1. d4 d5 2. Bf4 Nf6 3. e3 c5 4. c3 Nc6 5. Nd2 e6 6. Ngf3 cxd4 7. exd4 Nh5 8.
Be3 Bd6 9. g3 O-O 10. Bd3 g6 11. Qc2 Ne7 12. Ne5 Bxe5 13. dxe5 Nc6 14. Bd4 Qc7
15. f4 Nxd4 16. cxd4 Qxc2 17. Bxc2 Bd7 {(=)} 18. Bd3 Rfc8 19. Ke2 a6 20. Rhc1
Bb5 21. Rxc8+ Rxc8 22. Bxb5 axb5 23. Kd3 Kf8 24. Nf3 h6 25. Kd2 Ke7 26. Rc1
Rxc1 27. Kxc1 Kd7 1/2-1/2

[Event "Werner-Ott-Open Kreuzberger Sommer 2017"]
[Site "Berlin"]
[Date "2017.07.23"]
[Round "9.17"]
[White "Krieger, Fabian"]
[Black "Boettcher, Patrick"]
[Result "1/2-1/2"]
[WhiteElo "1877"]
[BlackElo "2104"]
[PlyCount "44"]
[EventDate "2017.07.15"]
[EventType "swiss"]
[EventRounds "9"]
[EventCountry "GER"]
[SourceTitle "WOOKS 2017"]
[Source "SC Kreuzberg"]
[SourceDate "2017.07.23"]
[SourceVersion "1"]
[SourceVersionDate "2017.07.15"]
[SourceQuality "1"]
[WhiteTeam "SV Mattnetz Berlin"]
[BlackTeam "SC Zitadelle Spandau 1977"]
[WhiteTeamCountry "GER"]
[BlackTeamCountry "GER"]

1. Nf3 Nf6 2. c4 c5 3. g3 Nc6 4. Bg2 d5 5. cxd5 Nxd5 6. d4 e6 7. O-O Nf6 8.
dxc5 Qxd1 9. Rxd1 Bxc5 10. Nc3 Bd7 11. Bg5 Rc8 12. Rac1 a6 13. a3 Be7 14. b4 h6
15. Bf4 O-O 16. e4 Rfd8 17. e5 Ne8 18. Be3 Nc7 19. Bb6 Be8 20. Rxd8 Bxd8 21.
Ne4 Nd5 22. Bc5 Bc7 1/2-1/2

[Event "Werner-Ott-Open Kreuzberger Sommer 2017"]
[Site "Berlin"]
[Date "2017.07.23"]
[Round "9.18"]
[White "Lange, Cecilia"]
[Black "Pueschel, Werner"]
[Result "1/2-1/2"]
[WhiteElo "1883"]
[BlackElo "2012"]
[PlyCount "87"]
[EventDate "2017.07.15"]
[EventType "swiss"]
[EventRounds "9"]
[EventCountry "GER"]
[SourceTitle "WOOKS 2017"]
[Source "SC Kreuzberg"]
[SourceDate "2017.07.23"]
[SourceVersion "1"]
[SourceVersionDate "2017.07.15"]
[SourceQuality "1"]
[WhiteTeam "TSG Oberschoeneweide"]
[BlackTeam "SVg Lasker Steglitz-Wilmersdorf"]
[WhiteTeamCountry "GER"]
[BlackTeamCountry "GER"]

1. e4 c5 2. Nf3 e6 3. d4 cxd4 4. Nxd4 a6 5. Nc3 b5 6. a3 Qc7 7. Be3 Bb7 8. f3
Nf6 9. Be2 Nc6 10. O-O Rc8 11. Nxc6 Bxc6 12. Qd2 Bd6 13. g3 O-O 14. Rad1 Be7
15. Qd4 d5 16. exd5 Nxd5 17. Nxd5 Bxd5 18. Bd3 Bf6 19. Qb4 Qb7 20. Kg2 a5 21.
Qxa5 Bxb2 22. Rb1 Bc3 23. Qxb5 Qa8 24. a4 Rb8 25. Bxh7+ Kh8 26. Qd3 Rxb1 27.
Rxb1 Bxf3+ 28. Kf2 Bg2 29. Qxc3 Qf3+ 30. Kg1 Bh3 31. Qd2 Kxh7 32. Qf2 Qe4 33.
a5 Rc8 34. Rc1 Rc3 35. Bb6 Rf3 36. Qd2 Qc4 37. Bf2 e5 38. Qg5 Qe2 39. Qh4+ Kg6
40. Qxh3 Qxf2+ 41. Kh1 Ra3 42. Rf1 Qxc2 43. Qg4+ Kh6 44. Qh4+ 1/2-1/2